[Event "II Torneio Aberto Internacional de Xadrez de Ferreira do Alentejo"]
[Site "Ferreira do Alentejo - Portugal"]
[Date "2019.12.18"]
[Round "2.10"]
[White "Ramos, Alvaro Manuel Nobre"]
[Black "Dong, Fabio"]
[Result "1-0"]
[BlackElo "1550"]
[WhiteElo "1868"]
[WhiteTeam "CXFA"]
[BlackTeam "CX Sintra"]
[LiveChessVersion "1.4.8"]

1. e4 c6 2. Nf3 {[%clk 1:30:30]} d5 {[%clk 1:30:49]} 3. exd5 {[%clk 1:30:26]}
cxd5 {[%clk 1:31:10]} 4. d4 {[%clk 1:30:42]} Nc6 {[%clk 1:31:14]} 5. h3
{[%clk 1:29:36]} Nf6 {[%clk 1:30:36]} 6. c3 {[%clk 1:28:53]} Bf5 {[%clk 1:30:31]}
7. Bb5 {[%clk 1:27:15]} a6 {[%clk 1:27:28]} 8. Bxc6+ {[%clk 1:23:01]} bxc6
{[%clk 1:27:45]} 9. Bf4 {[%clk 1:21:37]} e6 {[%clk 1:25:14]} 10. O-O
{[%clk 1:21:04]} Bd6 {[%clk 1:21:41]} 11. Bxd6 {[%clk 1:15:31]} Qxd6
{[%clk 1:21:45]} 12. Ne5 {[%clk 1:15:28]} Nd7 {[%clk 1:19:05]} 13. f4
{[%clk 1:08:05]} Nxe5 {[%clk 1:17:29]} 14. fxe5 {[%clk 1:06:59]} Qe7
{[%clk 1:13:07]} 15. Nd2 {[%clk 1:03:12]} O-O {[%clk 1:09:39]} 16. Nb3
{[%clk 1:01:32]} Rab8 {[%clk 1:05:39]} 17. Qd2 {[%clk 1:00:38]} Qb7
{[%clk 1:00:55]} 18. Rf2 {[%clk 1:00:42]} h6 {[%clk 0:58:23]} 19. Nc5
{[%clk 0:59:37]} Qc8 {[%clk 0:56:46]} 20. b4 {[%clk 0:58:13]} Ra8
{[%clk 0:41:20]} 21. Nb3 {[%clk 0:56:31]} Qc7 {[%clk 0:39:35]} 22. a4
{[%clk 0:52:53]} f6 {[%clk 0:28:40]} 23. g4 {[%clk 0:49:41]} Bg6 {[%clk 0:27:32]}
24. Nc5 {[%clk 0:45:55]} Qe7 {[%clk 0:24:17]} 25. exf6 {[%clk 0:42:57]} Rxf6
{[%clk 0:22:42]} 26. Re1 {[%clk 0:40:45]} Bf7 {[%clk 0:20:55]} 27. a5
{[%clk 0:36:53]} Rxf2 {[%clk 0:16:29]} 28. Qxf2 {[%clk 0:35:38]} Kh8
{[%clk 0:12:39]} 29. Re3 {[%clk 0:35:22]} Kg8 {[%clk 0:09:41]} 30. Qe2
{[%clk 0:34:44]} Qd6 {[%clk 0:07:40]} 31. Nxa6 {[%clk 0:30:19]} Re8
{[%clk 0:06:33]} 32. Nc5 {[%clk 0:29:49]} Qe7 {[%clk 0:05:24]} 33. Kg2
{[%clk 0:25:35]} Qf6 {[%clk 0:04:39]} 34. Kg3 {[%clk 0:25:06]} Qe7
{[%clk 0:04:42]} 35. Nd3 {[%clk 0:23:11]} Qg5 {[%clk 0:04:02]} 36. Ne5
{[%clk 0:22:21]} h5 {[%clk 0:03:23]} 37. Nxf7 {[%clk 0:20:54]} Kxf7
{[%clk 0:03:36]} 38. Rf3+ {[%clk 0:19:20]} Kg8 {[%clk 0:03:52]} 39. Qe3
{[%clk 0:19:19]} Qg6 {[%clk 0:03:20]} 40. Qf4 {[%clk 0:15:10]} hxg4
{[%clk 0:02:44]} 41. hxg4 {[%clk 0:14:36]} Qb1 {[%clk 0:02:33]} 42. Qf7+
{[%clk 0:14:26]} Kh7 {[%clk 0:02:18]} 43. Qh5+ {[%clk 0:14:19]} Kg8
{[%clk 0:02:24]} 44. Qxe8+ {[%clk 0:14:29]} Kh7 {[%clk 0:02:51]} 45. Qxe6
{[%clk 0:11:33]} Qg1+ {[%clk 0:02:52]} 46. Kf4 {[%clk 0:11:37]} Qc1+
{[%clk 0:02:38]} 47. Qe3 {[%clk 0:11:48]} 1-0

[Event "II Torneio Aberto Internacional de Xadrez de Ferreira do Alentejo"]
[Site "Ferreira do Alentejo - Portugal"]
[Date "2019.12.18"]
[Round "2.11"]
[White "Sousa, Diogo Miguel Braz"]
[Black "Tieres, Cristiano"]
[Result "0-1"]
[BlackElo "1848"]
[WhiteElo "1375"]
[WhiteTeam "CXFA"]
[BlackTeam "EX Porto"]
[LiveChessVersion "1.4.8"]

1. e4 {[%clk 1:30:58]} c5 {[%clk 1:22:01]} 2. Nf3 {[%clk 1:31:21]} d6
{[%clk 1:22:28]} 3. d4 {[%clk 1:31:44]} cxd4 {[%clk 1:22:55]} 4. Nxd4
{[%clk 1:32:05]} Nf6 {[%clk 1:23:23]} 5. Nc3 {[%clk 1:32:16]} g6 {[%clk 1:23:50]}
6. Bc4 {[%clk 1:30:59]} Bg7 {[%clk 1:24:17]} 7. O-O {[%clk 1:30:26]} O-O
{[%clk 1:24:44]} 8. Re1 {[%clk 1:28:47]} Nc6 {[%clk 1:25:09]} 9. Nf3
{[%clk 1:27:13]} Bg4 {[%clk 1:25:17]} 10. Be2 {[%clk 1:25:42]} Nd7
{[%clk 1:24:59]} 11. Bd2 {[%clk 1:20:11]} Rc8 {[%clk 1:25:02]} 12. h3
{[%clk 1:18:17]} Bxf3 {[%clk 1:25:27]} 13. Bxf3 {[%clk 1:18:16]} Nd4
{[%clk 1:25:54]} 14. Be2 {[%clk 1:09:38]} a6 {[%clk 1:26:10]} 15. Bd3
{[%clk 1:07:43]} b5 {[%clk 1:26:36]} 16. Rb1 {[%clk 1:06:21]} e6 {[%clk 1:26:59]}
17. Ne2 {[%clk 1:04:32]} Nc6 {[%clk 1:27:04]} 18. Bc3 {[%clk 1:03:14]} Nf6
{[%clk 1:27:20]} 19. a3 {[%clk 0:56:42]} Qc7 {[%clk 1:27:46]} 20. Qd2
{[%clk 0:55:47]} Rfd8 {[%clk 1:28:13]} 21. Nd4 {[%clk 0:52:06]} Nxd4
{[%clk 1:28:09]} 22. Bxd4 {[%clk 0:52:00]} d5 {[%clk 1:28:22]} 23. e5
{[%clk 0:51:08]} Nd7 {[%clk 1:28:36]} 24. f4 {[%clk 0:49:26]} Bh6
{[%clk 1:28:43]} 25. Rf1 {[%clk 0:46:41]} Nxe5 {[%clk 1:29:02]} 26. Bxe5
{[%clk 0:46:15]} Qxe5 {[%clk 1:29:26]} 27. fxe5 {[%clk 0:46:28]} Bxd2
{[%clk 1:29:51]} 28. Rf3 {[%clk 0:46:06]} Bh6 {[%clk 1:30:02]} 29. Rbf1
{[%clk 0:46:10]} Rc7 {[%clk 1:30:24]} 30. g4 {[%clk 0:45:34]} d4 {[%clk 1:29:30]}
31. Re1 {[%clk 0:43:32]} Be3+ {[%clk 1:29:46]} 32. Kg2 {[%clk 0:43:33]} Rd5
{[%clk 1:30:06]} 33. Ref1 {[%clk 0:43:00]} Rxe5 {[%clk 1:30:08]} 34. h4
{[%clk 0:42:42]} Bh6 {[%clk 1:29:54]} 35. g5 {[%clk 0:42:16]} Bg7
{[%clk 1:30:17]} 36. Rf4 {[%clk 0:42:26]} Rd5 {[%clk 1:30:38]} 37. Kh3
{[%clk 0:42:26]} h6 {[%clk 1:30:19]} 38. Kg4 {[%clk 0:42:00]} Re7
{[%clk 1:30:09]} 39. R1f2 {[%clk 0:40:10]} Rdd7 {[%clk 1:27:31]} 40. Rg2
{[%clk 0:36:51]} e5 {[%clk 1:27:41]} 41. Re4 {[%clk 0:35:19]} Rb7
{[%clk 1:27:47]} 42. Re1 {[%clk 0:35:07]} a5 {[%clk 1:28:06]} 43. h5
{[%clk 0:35:15]} gxh5+ {[%clk 1:28:01]} 44. Kxh5 {[%clk 0:35:33]} hxg5
{[%clk 1:28:19]} 45. Rxg5 {[%clk 0:35:41]} f6 {[%clk 1:25:38]} 46. Rg6
{[%clk 0:35:29]} Kf7 {[%clk 1:25:30]} 47. Be4 {[%clk 0:34:49]} Rbc7
{[%clk 1:23:14]} 48. Kg4 {[%clk 0:34:27]} Ke6 {[%clk 1:22:41]} 49. Bf5+
{[%clk 0:33:43]} Kd5 {[%clk 1:22:48]} 50. Be4+ {[%clk 0:33:48]} Kc5
{[%clk 1:22:52]} 51. Bd3 {[%clk 0:32:16]} a4 {[%clk 1:20:03]} 52. Kf5
{[%clk 0:32:04]} b4 {[%clk 1:19:55]} 53. Rg2 {[%clk 0:29:02]} bxa3
{[%clk 1:19:30]} 54. bxa3 {[%clk 0:29:07]} Kd6 {[%clk 1:19:49]} 55. Be4
{[%clk 0:28:51]} Rc3 {[%clk 1:19:10]} 56. Rb1 {[%clk 0:28:33]} Re3
{[%clk 1:08:55]} 57. Rb6+ {[%clk 0:27:58]} Kc5 {[%clk 1:09:22]} 58. Rc6+
{[%clk 0:28:02]} Kb5 {[%clk 1:09:47]} 59. c4+ {[%clk 0:28:13]} dxc3
{[%clk 1:09:48]} 60. Rc8 {[%clk 0:27:47]} Rh3 {[%clk 0:50:18]} 61. Rc2
{[%clk 0:24:03]} Rg3 {[%clk 0:49:30]} 62. Bd5 {[%clk 0:20:56]} Rg5+
{[%clk 0:48:52]} 63. Ke4 {[%clk 0:20:11]} f5+ {[%clk 0:49:18]} 64. Kf3
{[%clk 0:20:00]} e4+ {[%clk 0:48:20]} 65. Ke3 {[%clk 0:19:31]} Rg3+
{[%clk 0:47:51]} 66. Kf2 {[%clk 0:18:55]} f4 {[%clk 0:47:34]} 67. Rc1
{[%clk 0:19:07]} e3+ {[%clk 0:47:22]} 68. Kf1 {[%clk 0:18:48]} e2+
{[%clk 0:47:39]} 69. Kf2 {[%clk 0:18:45]} Bd4+ {[%clk 0:47:50]} 70. Ke1 0-1